Interpretability and explanability of deep learning systems in the domain of medical histopathological data

Salvato in:
Dettagli Bibliografici
Autore principale: Masaryková, Nina (Autore)
Altri autori: Benešová, Vanda (Relatore della tesi)
Natura: Manoscritto Libro
Lingua:slovacco
inglese
Pubblicazione: 2023
Soggetti:
Accesso online:http://is.stuba.sk/zp/portal_zp.pl?podrobnosti=170123
Tags: Aggiungi Tag
Nessun Tag, puoi essere il primo ad aggiungerne!!

MARC

LEADER 00000ntm a22000003a 4500
001 stuzp94856
003 SK-STU
005 20230909223334.4
007 ta
008 150427s2015----xo-----f-mn---000-0-slo-d
040 |a STU  |b slo 
041 0 |a eng 
100 1 |a Masaryková, Nina  |u 070400  |k Z3  |4 aut  |U FIIT Fakulta informatiky a informačných technológií  |T FIIT Ústav počítačového inžinierstva a aplikovanej informatiky  |X 96959  |U I400  |Y 672  |7 96959 
242 0 1 |a Interpretovateľnosť a vysvetliteľnosť systémov hlbokého učenia v doméne medicínskych histopatologických dát  |y slo 
245 1 0 |a Interpretability and explanability of deep learning systems in the domain of medical histopathological data 
260 |c 2023 
650 4 |a vysvetliteľnosť neurónových sietí  |2 slo 
650 4 |a neurónové siete  |2 slo 
650 4 |a detekcia buniek  |2 slo 
650 4 |a počítačové videnie  |2 slo 
650 4 |a computer vision  |2 eng 
650 4 |a neural networks  |2 eng 
650 4 |a cells detection  |2 eng 
650 4 |a interpretability of neural networks  |2 eng 
700 1 |a Benešová, Vanda  |u 070400  |k Z1  |4 ths  |U FIIT Fakulta informatiky a informačných technológií  |T FIIT Ústav počítačového inžinierstva a aplikovanej informatiky  |X 63121  |U I400  |Y 672  |7 63121 
856 4 |u http://is.stuba.sk/zp/portal_zp.pl?podrobnosti=170123